000 00555nmm a2200169Ia 4500
008 251105s9999||||xx |||||||||||||||||und||
020 _a9788489790223
041 _aspa
100 _aRodríguez Sánchez, Ángel
245 0 _aHacerse nadie :
_b Sometimiento, sexo y silencio en la España de finales del siglo XVI
264 _a[Madrid, España] :
_bMilenio,
_c2010
300 _a214 páginas
490 _aMilenio minor. Serie Historia
650 _aHistory of Europe: Spain
856 _uhttps://public.digitaliapublishing.com/a/6405
942 _cCF
999 _c87085
_d87085